[Event "EU-ch 19th"]
[Site "Batumi"]
[Date "2018.03.28"]
[Round "11"]
[White "Saric, Ivan"]
[Black "Navara, David"]
[Result "1-0"]
[WhiteElo "2657"]
[BlackElo "2737"]
[Annotator "Szabo,Kr"]
[PlyCount "133"]
[EventDate "2018.03.17"]
[EventType "swiss"]
[EventRounds "11"]
[EventCountry "GEO"]
[SourceTitle "CBM 184"]
[Source "ChessBase"]
[SourceDate "2018.05.16"]
[SourceVersion "1"]
[SourceVersionDate "2018.05.16"]
[SourceQuality "1"]

1. e4 c5 2. Nf3 g6 3. d4 cxd4 4. Nxd4 Bg7 5. c4 Nc6 6. Be3 Nf6 7. Nc3 Ng4 (7...
O-O {is the another main line.}) 8. Qxg4 Nxd4 9. Qd1 e5 10. Bd3 d6 11. O-O O-O
12. a4 (12. Qd2 {is the most popular continuation, but I like Saric's idea.})
12... Be6 13. a5 $146 {Novelty by Saric. White has gained some space on the
queenside, moreover he frees the a4-square too.} ({Until this time} 13. Nb5 {
was the main idea of 12.a4.} a6 14. Nxd4 exd4 15. Bd2 Rc8 16. Rc1 f5 17. exf5
Bxf5 18. Qb3 Qd7 $11 {Ferreira-Edouard, Belgium 2018, with a balanced position.
}) 13... Qd7 14. Qa4 $1 {It's a good strategy with White to go to an endgame,
because positionally White is more comfortable.} Qxa4 15. Rxa4 Rfc8 16. Nd5 {
This is the main question in the Maroczy system: when should White put the
knight on d5? Well, this is a good moment.} Bxd5 ({In the event of} 16... Kf8
17. Bg5 $14 {and White continues the pressure.}) 17. exd5 (17. cxd5 $5 {
was also completely acceptable. White's plan is creating weaknesses with Rb4.})
17... Re8 18. Re1 f5 19. Kf1 $1 {White starts to improve his king too.} Kf7 ({
After} 19... e4 20. Bb1 {and the knight is not so stable on d4.}) 20. b4 $6 {
A straightforward move, but now this is an inaccuracy.} (20. Rb4 {was better,}
Rab8 21. f4 $14 {with comfortable play, but it is still not clear how White
can improve his position.}) 20... Rac8 $6 {A dubious move in reply!} (20... e4
$1 {would be a better chance.}) 21. Rc1 (21. c5 {was also possible,} dxc5 22.
bxc5 Rxc5 23. d6 $44 {with compensation for the pawn.}) 21... e4 22. Be2 ({
In the event of} 22. Bb1 Nb3 23. Rc2 Nd4 $11 {and Black can hold.}) 22... Be5
23. g3 Rc7 24. c5 $1 {The important break-through!} Rec8 25. Bxd4 $2 {Error!
This is a logical move to remove the strong d4-knight, but gives up the bishop
pair.} (25. a6 $1 {was correct,} bxa6 (25... b5 26. Bxd4 $1 bxa4 27. Bxe5 dxe5
28. Bb5 $18 {and the pawns are too strong}) 26. c6 $18 {and White should be
winning.}) 25... Bxd4 26. c6 bxc6 27. b5 $1 c5 $6 {A dubious move in reply.} ({
The great} 27... Bxf2 $1 {could force the draw,} 28. Kxf2 cxb5 29. Rxc7+ Rxc7
30. Bxb5 Rc2+ 31. Be2 Kf6 $11 {followed by ...Ke5 and Black is very active, so
he can reach the draw.}) 28. b6 axb6 29. axb6 Rb7 30. Rxd4 $1 {This is the
point of White's 28.b6.} cxd4 31. Rxc8 Rxb6 32. Ke1 {Black has two strong
pawns for the bishop, so it is still not easy to play for win with White.} g5
$2 {This is one of the tempting continuations to advance with g-pawn, but now
this is a mistake, because White can weaken his structure with g4.} (32... Rb1+
{was better,} 33. Bd1 (33. Kd2 Rb2+) 33... h5 $1 {to avoid g4 and not clear
how can White improve his position.}) 33. Bd1 (33. Rc6 $1 $16 {was more
accurate.}) 33... Rb1 (33... Rb5 $1 {gave more practical chances.}) 34. g4 $1 {
The key move! The e4-pawn becomes weak, so Black's position collapses.} fxg4
35. Rc4 Kf6 36. Rxd4 Ke5 37. Ra4 h5 38. Kd2 (38. Ra8 $18 {was stronger.}) 38...
Kxd5 39. Bc2 Rg1 40. Ra5+ Kd4 41. Bb3 $1 {White creates a mating net, Black
has to avoid Rd5#.} e3+ 42. fxe3+ Ke4 43. Bc2+ Kf3 44. Rf5+ Kg2 45. Rxg5 Kxh2
46. Rxh5+ Kg3 47. Bd1 Rg2+ 48. Be2 {White has consolidated his position, Black
has no hope.} Rf2 49. Ke1 Rg2 50. Rd5 Rg1+ 51. Kd2 Ra1 52. Rd4 Ra2+ 53. Ke1
Ra1+ 54. Bd1 Kh3 55. Rxd6 g3 56. Kf1 g2+ 57. Kg1 Rb1 58. Rd2 Rc1 59. e4 Kg3 60.
e5 Rc6 61. Rd4 Rc5 62. Rg4+ Kh3 63. Re4 Rc3 64. e6 Rd3 65. Re1 Rd4 66. e7 Rh4
67. Re3# 1-0

[Event "Linares Anibal op 08th"]
[Site "Linares"]
[Date "2001.01.13"]
[Round "6"]
[White "Zvjaginsev, Vadim"]
[Black "Reinaldo Castineira, Roi"]
[Result "1-0"]
[WhiteElo "2631"]
[BlackElo "2442"]
[Annotator "Tsesarsky,I"]
[PlyCount "49"]
[EventDate "2001.01.08"]
[EventType "swiss"]
[EventRounds "11"]
[EventCountry "ESP"]
[SourceTitle "CBM 081"]
[Source "ChessBase"]
[SourceDate "2001.03.20"]
[SourceVersion "1"]
[SourceVersionDate "2001.03.20"]
[SourceQuality "1"]

1. c4 Nf6 2. Nc3 c5 3. Nf3 g6 4. e4 Nc6 5. d4 cxd4 6. Nxd4 Bg7 7. Be3 Ng4 8.
Qxg4 Nxd4 9. Qd1 Ne6 10. Qd2 Qa5 11. Rc1 g5 {Here White has a lot of
possibilites!} (11... b6 12. Be2 (12. Bd3) 12... Bb7 13. f3 g5 {-mainlines})
12. Bd3 (12. h4 $5 h6 13. Be2 $1 (13. Qd5 $6 Qb4 14. Rc2 d6 15. hxg5 hxg5 16.
Rxh8+ Bxh8 17. Qb5+ Qxb5 18. Nxb5 Bd7 $11 {1/2-1/2 Portisch-Reshevsky,S/
Amsterdam izt 1964 (25)}) 13... d6 (13... b6 14. Qd5 Qxd5 15. cxd5 $16 {
1/2-1/2 Owosina,T-Mohr,G/Manila olm 1992 (70)}) 14. Qd5 Qxd5 15. cxd5 Nc5 16.
f3 $16 {1-0 Chuiko-Khanov Kurban/Simferopol Ukraine 1989 (56)}) (12. c5 b6 (
12... Nxc5 13. Bxc5 Qxc5 14. Nd5 $18) 13. Qd5 (13. cxb6 axb6 14. Bc4 Ba6 15.
Bxa6 Qxa6 16. Nd5 Qxa2 17. Nxb6 (17. Qb4 Qa5 $17 {0-1 Spacek,P-Langner,L/
Ostrava CZE 1999/The Week in Chess 291 (59)}) 17... Rd8 18. b4 $14) 13... Rb8
14. cxb6 axb6 15. Bc4 $14) (12. Be2 {-more popular continuation.} h5 {This
move - in spirit of this opening. Usually Black plays h7-h5 after b7-b6 and
Bb7.} (12... Nf4 13. O-O Be5 14. Rfd1 d6 15. Nb5 $16 {1-0 Uhlmann,W-Pirisi,G/
Dieren NED 1990 (41)}) (12... Be5 13. h4 $14 {1-0 Vekshenkov,N-Buljovcic,I/
Novi Sad ,EXT 1989 (34)}) (12... Qe5 13. h4 h6 14. g3 b6 15. hxg5 hxg5 16.
Rxh8+ Bxh8 17. f4 $14 {1-0 Welling,G-Jongsma,W/ZSG Weekend 1993(36)}) 13. O-O (
13. b3 b6 14. f3 (14. O-O Bb7 15. Rfd1 Bc6 16. Nd5 $14 {1/2-1/2 Dezan,
P-Delebarre,X/FrTCh, Mulhouse FRA 1998 (75)}) 14... Bb7 15. Nd5 Qxd2+ 16. Kxd2
Rc8 17. h4 $14 {1-0 Uhlmann,W-Bukal,V/Dortmund ,EXT 1990 (65)}) 13... Qe5 14.
Rfd1 b6 15. b4 (15. b3 d6 16. Qd5 Rb8 17. Nb5 $14 {1-0 Bertona,F-Bordoni,N/Mar
del Plata 1992 (25)}) 15... d6 16. c5 $1 $16 {1-0 Melander,J-Bengtsson,H/Taby
1991 (18)}) 12... d6 (12... h5 13. O-O $5 $14 (13. Bb1 $6 h4 $5 14. c5 Be5 15.
Bxg5 Rg8 16. f4 Rxg5 $1 (16... Bb8 17. Bh6 $14 (17. Rf1 $2 Nxg5 $15 {0-1
Girard,E-Delebarre,X/Paris FRA 2000/The Week in Chess 298 (59)})) 17. fxe5 (17.
fxg5 Bf4 18. Qd1 Bxc1 19. Qxc1 Qxc5 $15) 17... Qc7 $132 {[%csl Re5]})) 13. b3
Qe5 $2 $16 (13... Bd7 $142 $14) 14. Nd5 $1 {[%csl Re5,Re8][%cal Gd5c7] Now Qe5
is vulnerable.} h5 15. O-O ({Worth of attention was also} 15. Bxg5 Qxg5 (15...
Nxg5 16. f4 Qd4 17. fxg5 Rb8 18. Rf1 $16) 16. Nc7+ Kd7 (16... Nxc7 17. Qxg5 $18
) 17. Qxg5 Nxg5 18. Nxa8 $16) 15... b6 $6 $18 (15... Kf8 $16) {White changes
focus of Attack: after eventual a4-a5 in the camp of Black will created one
more weakness.} 16. a4 {[%csl Ra7,Rb6][%cal Ga4a5]} ({Now} 16. Bxg5 {was not
such strong as in previous move:} Nxg5 17. Nc7+ Kd8 18. Nxa8 Bb7 19. Nxb6 axb6
20. Rfe1 $132) 16... h4 17. a5 {[%csl Rb6]} bxa5 (17... h3 18. g3 bxa5 19. Ra1
{-like in this game.}) 18. Ra1 h3 (18... Qxa1 19. Rxa1 Bxa1 20. Qxa5 $18 {
[%csl Ra1,Ra7,Ra8,Rc8][%cal Gd5b6]}) 19. g3 Kf8 (19... Qxa1 20. Rxa1 Bxa1 21.
Qxa5 $18) 20. Rxa5 {[%csl Ra7]} Nd4 {[%cal Gd4f3]} ({Lost position would
created also after} 20... Nc5 21. f4 gxf4 22. Nxf4 Kg8 (22... Nxb3 23. Ng6+ Kg8
24. Rxe5 Nxd2 25. Nxe7+ $18) 23. Bc2 (23. Bxc5 dxc5 24. Qf2 Qd4 25. e5 Bxe5 26.
Rxc5 $16) 23... Nxe4 24. Qe1 Nc5 25. b4 $18) 21. f4 gxf4 22. Nxf4 {[%csl Re5]
[%cal Gf4g6,Ga5e5]} (22. gxf4 $4 Qh5 $17 {[%csl Rb3,Rf3][%cal Gd4f3]}) 22...
Qf6 ({Hopeless also} 22... Nxb3 23. Ng6+ Kg8 24. Rxe5 Nxd2 25. Nxe7+ $18) {
[%tqu "En","?","","","e4e5","",10]} 23. e5 $1 {Nice tactical impact!} dxe5 24.
Rxe5 {[%csl Rd4][%cal Ge3d4]} Qxe5 ({Or} 24... Nxb3 25. Qb4 {[%csl Rb3]} Kg8 {
[%csl Re5]} 26. Rb5 $18 {[%csl Rb3]}) 25. Ng6+ 1-0

[Event "Belgrade Investbank"]
[Site "Belgrade"]
[Date "1997.11.17"]
[Round "6"]
[White "Kovacevic, Aleksandar"]
[Black "Ljubojevic, Ljubomir"]
[Result "1-0"]
[WhiteElo "2525"]
[BlackElo "2565"]
[Annotator "Tsesarsky,I"]
[PlyCount "121"]
[EventDate "1997.11.11"]
[EventType "tourn"]
[EventRounds "9"]
[EventCountry "YUG"]
[EventCategory "18"]
[SourceTitle "CBM 062"]
[Source "ChessBase"]
[SourceDate "1998.01.31"]
[SourceVersion "1"]
[SourceVersionDate "1998.01.31"]
[SourceQuality "1"]

1. e4 c5 2. Nf3 Nc6 3. d4 cxd4 4. Nxd4 g6 5. c4 Bg7 6. Be3 Nf6 7. Nc3 Ng4 8.
Qxg4 Nxd4 9. Qd1 Ne6 10. Rc1 Qa5 11. Bd3 b6 12. O-O Bb7 13. Qd2 g5 (13... O-O
14. a3 Nd4 15. Qd1 Bc6 16. Nd5 Rae8 $132 (16... Ba4 $2 17. Nxe7+ Kh8 {1-0
Grigoriants Sergey-Petrosian Davit Gevorgi/Ch Europe (cadets) (under 14) 1997})
) 14. b3 (14. a3 h5 15. b4 Qxa3 16. Nd5 Qb2 17. Rc2 Qe5 18. Ra2 h4 19. h3 Rg8
20. Rd1 Bh8 21. Be2 Bc6 22. Bf3 Kf8 23. Qc2 Qb8 24. Bg4 Be5 25. f3 d6 26. Kh1
Qb7 27. Qd2 Bxd5 28. Qxd5 $16 {Anand,V-Ljubojevic,L/Amber-blind6th 1997/EXP 57/
1-0 (72)}) (14. Rfd1 d6 15. a3 (15. f3 h5 16. Bf1 h4 17. a3 Kf8 18. Qf2 Qe5 19.
b4 $14 {0-1 Yemelin,V-Kocur,P/URS-chJ Alma-Ata 1991 (45)}) 15... h5 16. Rc2 Bd4
17. b4 Qe5 (17... Qxa3 18. Nd5 Bxe3 19. Qxe3 Qa4 (19... Rc8 20. Qd2 $1 $16) 20.
e5 Rd8 21. exd6 Rxd6 22. Qe5 Rf8 23. Ra1 $16) 18. Nd5 Bxe3 19. fxe3 $14 {
1/2-1/2 Ljubojevic-Kortschnoi/Tilburg/SW,40,7 1987 (42)}) 14... h5 (14... Be5
15. Rfe1 Rg8 16. Nd5 Qxd2 17. Bxd2 f6 18. Be2 Kd8 19. b4 Rc8 20. Red1 Nf4 21.
Nxf4 gxf4 22. f3 e6 23. Be1 Ke7 24. Bf2 Bd6 25. Rb1 $14 {1/2-1/2 Alburt,
L-Gruchacz,R/New York 1980 (60)}) 15. Rfd1 (15. Bb1 h4 16. Rfd1 d6 17. f3 Bc6
18. Qb2 $1 O-O 19. b4 Qe5 20. Qd2 $14 {0-1 Bragin-Vokarev/Ch Russia club 1993 
(40)}) 15... Bc6 (15... d6 16. Nb5 Qxd2 17. Rxd2 Kd7 18. Bb1 Be5 19. b4 Rhc8
20. Bd3 g4 21. a4 Nf4 (21... a5 $17) 22. Bb1 f5 $15 {0-1 David,E-Kotsur,P/
WchJM-U18 1992/TD 92\06 (32)}) 16. Nd5 (16. Qb2 $1 d6 17. b4 Qe5 18. Qd2 $14)
16... Qxd2 17. Rxd2 Be5 (17... Rc8 18. Be2 Be5 19. h3 $14) 18. b4 f6 (18... Rc8
$5) 19. Be2 Kf7 (19... h4 20. Bg4 $14) 20. h3 h4 21. Bd1 (21. Bg4 Rhc8 22. Kf1
Ng7 $132) 21... Rhd8 22. Bb3 Ke8 23. a4 $14 Rac8 (23... Rdc8 24. Kf1 Nf4 25. f3
$14) 24. Rcd1 Bb7 25. f3 Nf8 (25... Ng7 26. Rd3 e6 27. Nc3 $14) 26. Rc2 (26.
Rd3 e6 27. Nc3 $14) 26... Ng6 27. a5 $6 (27. c5 e6 28. Nc3 (28. cxb6 exd5 29.
bxa7 dxe4 30. Bb6 Rxc2 31. Bxc2 Ra8 32. fxe4 Nf4 $17) (28. Nxb6 axb6 29. cxb6
Rxc2 30. Bxc2 Rc8 31. Bd3 Rc3 32. a5 Ra3 $17) 28... bxc5 29. bxc5 (29. Bxc5 d6
30. Bd4 Bxd4+ 31. Rxd4 Nf4 32. Kf2 d5 $15) 29... Rb8 30. Bc4 Bc6 31. Bb5 a5 $11
) (27. Kf2 e6 28. Nc3 $14) 27... bxa5 28. bxa5 Bb8 (28... Rb8 $1 29. Bxa7 (29.
Ba4 e6 (29... Bxd5 $1 30. exd5 Rb4 31. Bb5 (31. Ra2 Rxc4 32. Bxa7 Ra8 33. Bb6
Nf4 34. a6 Ne2+ 35. Rxe2 Rxa4 (35... Rxa6 36. Bb5 $18) 36. a7 $15) 31... Rc8
32. Ba6 Rc7 33. c5 Ra4 34. Bd3 Nf4 35. Bxf4 Bxf4 $17) 30. Nc3 Ra8 $11) 29...
Bxd5 30. Bxb8 Rxb8 31. cxd5 Rxb3 32. Ra2 Bb8 33. a6 Ba7+ 34. Kf1 Nf4 $15) 29.
Nb4 (29. Rb1 Ne5 30. Ba2 Bc6 31. Rd2 $11) 29... Ne5 30. a6 Ba8 (30... Bc6 $5)
31. c5 (31. Rb1 $5 $132) 31... Bc6 32. Bd5 $4 (32. Nxc6 Rxc6 33. Ra2 Rcc8 34.
Kf2 $132) 32... Ba4 $17 33. Bb7 Bxc2 (33... Rc7 34. Rcc1 Bxd1 35. Rxd1 e6 $17 {
This game}) 34. Nxc2 Rc7 35. Nb4 e6 36. Rc1 d6 $6 (36... Ke7 37. Kf2 Nc6 $17) (
36... Nc6 37. Nxc6 (37. Rb1 Na5 38. Nd3 d6 $19) 37... dxc6 38. e5 Kf7 $17) 37.
c6 Ke7 38. Rd1 Rg8 $6 39. Bc1 Nc4 (39... Rd8 $17) 40. Rd4 Na5 (40... Ne5 $17)
41. Ba3 Rd8 42. Rd3 Nxb7 $2 (42... Nc4 43. Bc1 Ke8 44. Kf2 Re7 $17) 43. cxb7
$44 Rc4 44. Kf1 Kd7 (44... Bc7 45. Rd1 Rc5 46. Rc1 Rxc1+ 47. Bxc1 Kd7 48. Be3
Bb8 49. Ke2 $44) 45. Ke2 Bc7 46. Rb3 Bb8 47. Kd3 Rc5 48. Bb2 f5 (48... Rf8 49.
Bd4 Rc7 50. Be3 $44) 49. Bd4 fxe4+ 50. fxe4 Rc7 51. Rb2 d5 $2 (51... Rg8 52.
Rf2 Ke7 53. Be3 (53. Rf3 g4 54. Bf6+ Ke8 55. hxg4 Rxg4 56. Rh3 Rxg2 57. Rxh4
Rg3+ 58. Kd2 Rc4 59. Rh8+ Kf7 60. Bc3 $1 Rg8 61. Rxg8 Kxg8 62. Kd3 Rc7 63. Bd4
Kf7 64. e5 d5 65. Ke3 Ke8 66. Nd3 Rc6 67. Nb4 Rc1 68. Nd3 Rh1 (68... Rc2 69.
Bc5 $1 Rc3 70. Bd6 Bxd6 71. exd6 Rb3 72. Kd4 $16) 69. Nc5 (69. Bc5 Kd7) 69...
Rh3+ 70. Kd2 Ke7 71. Kc2 $44) 53... g4 54. Rf4 gxh3 55. gxh3 Rh8 56. Rg4 $11)
52. exd5 $16 exd5 53. Nxd5 $2 (53. Bf6 Rg8 54. Re2 Rc5 55. Kd4 Bd6 (55... Rc4+
56. Kxd5 $18) 56. Nd3 Ra5 57. Ne5+ Bxe5+ 58. Bxe5 Rb5 59. Rc2 $22 g4 $8 60.
Rc7+ Ke6 61. Rc6+ Kd7 62. Rd6+ Ke7 63. Rxd5 Rb1 64. hxg4 Rxg4+ 65. Kd3 Ke6 (
65... Rg8 66. Rc5 Kd7 67. Rc7+ Ke6 68. Rc8 $18) 66. Rd4 Rg8 67. Bf4 $16) 53...
Rc6 $44 54. Nb4 Re6 (54... Rc7 55. Bf6 (55. Re2 Rc1 56. Bf6 Rg8 57. Nd5 (57.
Re7+ Kd6 58. Re5 Rc5 59. Kd4 Rxe5 60. Bxe5+ Kd7 61. Bxb8 Rxb8 62. Kc5 (62. Kd5
Rf8 63. Nc6 Kc7 64. Nxa7 (64. b8=Q+ Rxb8 65. Nxb8 Kxb8 66. Ke5 (66. Kd6 Kc8 67.
Kc6 Kd8 (67... Kb8 68. Kd7 Ka8 69. Ke6 $18) 68. Kd6 (68. Kb7 Kd7 69. Kxa7 Kc7
$11) 68... Kc8 $16) 66... Kc7 67. Kf5 Kb6 68. Kxg5 Kxa6 69. Kxh4 Kb6 70. g4 a5
71. g5 a4 72. g6 a3 73. g7 a2 74. g8=Q a1=Q 75. Qe6+ $16) 64... Rf5+ 65. Kc4 (
65. Ke6 Rc5 66. Ke7 Re5+ 67. Kf6 Rd5 (67... Rc5 $2 68. Ke6 $22 g4 69. hxg4 Rg5
70. Kf6 Rxg4 71. Nc6 $18) 68. Kf7 (68. Kg6 Rd6+ 69. Kxg5 Rxa6 70. Nb5+ Kxb7 71.
Kxh4 Kc6 72. Nd4+ Kd5 73. Nf5 Ke6 $11) 68... Rf5+ 69. Ke6 (69. Ke7 Re5+ $11)
69... Rc5 $11) 65... Rf4+ 66. Kb5 Rf5+ 67. Kb4 Rf4+ 68. Ka5 Rf5+ 69. Nb5+ Kb8
70. Kb4 Rf6 71. Ka5 $11) 62... Kc7 63. Nc6 Rf8)) 55... Rg8 56. Re2 Rc5 57. Kd4
Bd6 58. Nd3 Rb5 59. Ne5+ Ke6 60. Ng4+ Kd7 61. Ne5+ $11) 55. Rc2 Rde8 (55... Rg8
56. Rf2 $16) 56. Rc5 Rb6 $4 (56... Rg8 57. Nd5 (57. Rd5+ Rd6 58. Kc4 Rxd5 59.
Kxd5 Rg6 60. Nd3 Rd6+ 61. Ke4 Kc6 62. Be5 Rd8 $17) 57... Rf8 58. Nb4 Rg8 $11)
57. Rd5+ $18 Rd6 $8 58. Rxg5 Re1 (58... Rde6 59. Rg4 Re2 60. Bc5 $22 $18) 59.
Rg7+ Ke6 60. Rg4 Rd1+ 61. Kc4 1-0